01295nam a2200217Ia 4500008004100000020001500041041001200056082001600068100002000084245004200104260003200146300000800178650001600186942000700202999001500209952017000224952017100394952017100565952017100736952017000907221030s9999 xx 000 0 und d a8170081858 aEnglish a105.23bPac aV. K. Pachghare 0aComputer Graphicscby V. K. Pachghare bLaxmi Pub.aNew Delhic2002 a224 aBE Computer cBK c8170d8170 pBE 6338g80.00l0o105.23 Pacr2024-06-13 00:00:00w2022-10-30yBK003Print4070aMIETLIBbMIETLIBcBL-Academic Block C, FL-2, CUP-37, SH-1, R-1d2003-01-1710HBE pBE 6339g80.00l0o105.23 Pachr2024-06-13 00:00:00w2022-10-30yBK003Print4070aMIETLIBbMIETLIBcBL-Academic Block C, FL-2, CUP-37, SH-1, R-1d2003-01-2010HBE pBE 6340g80.00l0o105.23 Pachr2024-06-13 00:00:00w2022-10-30yBK003Print4070aMIETLIBbMIETLIBcBL-Academic Block C, FL-2, CUP-37, SH-1, R-1d2003-01-2010HBE pBE 6342g80.00l0o105.23 Pacr2024-06-13 00:00:00w2022-10-30yBK003Print4070aMIETLIBbMIETLIBcBL-Academic Block C, FL-2, CUP-37, SH-1, R-1d2003-01-2010HBE pBE 6341g80.00l0o105.23 Pacr2024-06-13 00:00:00w2022-10-30yBK003Print4070aMIETLIBbMIETLIBcBL-Academic Block C, FL-2, CUP-37, SH-1, R-1d2003-01-2010HBE